000 00298nam a2200133 i 4500
001 bg
100 1 _aUILKS, M.
245 0 _aSistemy s razdeleniem wremeni /
_cM. Uilks.
260 _aMoskwa,
_c1972.
040 _cBPK
041 _apol
942 _cKS
008 s pl f |000 0 pol
999 _c15093
_d15093
856 _uhttp://koha.tu.koszalin.pl/cgi-bin/koha/opac-detail.pl?biblionumber=15093
_yKatalog online BPK